| 000 | 00474nab a2200145Ia 4500 | ||
|---|---|---|---|
| 003 | ES-SlBCS | ||
| 005 | 20210601133736.0 | ||
| 008 | 140529s2002 xxu||||| |||| 00| 0 por d | ||
| 041 | _apor | ||
| 100 | 1 |
_aDonatoni, Alaíde Rita _9209054 |
|
| 245 | 0 | 0 |
_aO movimento docente do Ensino Superior na Nova República _c Alaíde Rita Donatoni |
| 650 | 0 | 4 |
_aMovimiento Docente _9209055 |
| 773 | 0 |
_tEducaçao e Filosofia _gvol. 16, nº. 31, 2002, págs. 135-163 _wRev1534 |
|
| 942 | _cAR | ||
| 999 |
_c601393 _d601393 |
||